| 000 | 00443nam a22001457a 4500 | ||
|---|---|---|---|
| 005 | 20150428150749.0 | ||
| 008 | 150428b xxu||||| |||| 00| 0 eng d | ||
| 040 | _cPK-LaUMT | ||
| 082 |
_aKHC 954.92 _bABD-B |
||
| 100 | _aعبداللہ ملک | ||
| 245 |
_aبنگالی مسلمانوں کی 100 صد سالہ جہد آزادی _cعبداللہ ملک |
||
| 260 |
_aلاہور _bکوثر پبلشرز _c[N.D] |
||
| 300 | _a416 ص | ||
| 942 | _cBK | ||
| 999 |
_c70576 _d70576 |
||